| 000 | 00890cam a22002291 4500 | ||
|---|---|---|---|
| 001 | gs 24000226 | ||
| 003 | DLC | ||
| 005 | 20260227111328.0 | ||
| 008 | 790607s1924 ilua s000 0 eng | ||
| 010 | _ags 24000226 | ||
| 035 | _a(OCoLC)5045027 | ||
| 040 |
_aDLC _cTxCM _dDLC |
||
| 042 | _apremarc | ||
| 050 | 0 | 0 |
_aTN872.I3 _bC6 |
| 100 | 1 |
_aCollingwood, Douglas Moore, _d1887- |
|
| 245 | 1 | 0 |
_aFurther consideration of prospects for oil in the Decatur area, _cby D. M. Collingwood. Printed by authority of the state. |
| 260 |
_aUrbana, Ill. _a[Springfield, _bIllinois State Journal Co.] _c1924. |
||
| 300 |
_a44 p. _billus. |
||
| 410 | 2 | 0 |
_aIllinois State Geological Survey _tReport of investigations _vno. 1 |
| 500 | _aAt head of title: State of Illinois. Department of Registration and Education. Division of the State Geological Survey. | ||
| 650 | 0 |
_aPetroleum _zIllinois _zDecatur area. |
|
| 999 |
_c26335 _d26335 |
||